Spurs : Nietzsche's styles /
Guardat en:
| Autor principal: | |
|---|---|
| Format: | Desconegut |
| Idioma: | English |
| Publicat: |
Chicago :
University of Chicago Press,
1979.
|
| Matèries: | |
| Etiquetes: |
Afegir etiqueta
Sense etiquetes, Sigues el primer a etiquetar aquest registre!
|
MARC
| LEADER | 000000000a22000000004500 | ||
|---|---|---|---|
| 001 | 014487 | ||
| 020 | |a 0226143309 | ||
| 041 | 0 | |a eng | |
| 082 | 0 | 4 | |a 193 |b D438s |
| 100 | 1 | |a Derrida, Jacques | |
| 245 | 1 | 0 | |a Spurs : |b Nietzsche's styles / |c Jacques Derrida. |
| 260 | 1 | |a Chicago : |b University of Chicago Press, |c 1979. | |
| 300 | |a 165 páginas ; |c 24 cm. | ||
| 650 | 4 | |a LENGUAJE Y LENGUAJES | |
| 650 | 4 | |a ESTILOS | |
| 500 | |a Colección George Yúdice | ||
| 999 | |c 20375 |d 20375 | ||
| 942 | |c BK |h 193 D438s |2 z | ||



